000 01403 a2200313 4500
001 23183
005 20260407155521.0
008 260407a2003 arg spa d
003 AR-UNSa-BCEJYS
040 _aAR-UNSa-BCEJYS
_bspa
_cAR-UNSa-BCEJYS
080 _a330
_xEconomía en general
245 1 0 _aEconomia
020 _a978-987-1112-02-9
250 _a15a. ed.
264 1 _aMéxico :
_bMcGraw-Hill
_c2003
300 _axxi, 801 p.
_c23 cm.
505 _aParte I: Conceptos basicos - Parte II: Microeconomia: La oferta, la demanda y los mercados de productos - Parte III: Los mercados de factores: la tierra, el trabajo y la distribución de la renta - Parte IV: El papel del estado en la económia - Parte V: La Macroeconomia: el estudio del crecimiento y de los ciclos económicos - Parte VI: El crecimiento económico y la politica macroeconomica - Parte VII: El comercio internacional y la económia mundial.
041 _aspa
942 _cBK
590 _aniveau_biblio:m niveau_hierar:0
100 1 _aSamuelson, Paul A.
700 1 _aNordhaus, William D.
700 1 _aRabasco, María Esther
700 1 _aPérez Enrri, Daniel
700 1 _aToharia Cortés, Luis
700 1 _aMilani, Ana María
700 1 _aNatiello, María Cecilia
856 4 1 _uhttps://biblioeco.unsa.edu.ar/pmb/images/libros/Economia (samuelson-nordhaus-perez enrri).jpg
_yImagen de portada
_qimage/jpeg
999 _c1096
_d1096